ՀՀ Գիտությունների ազգային ակադեմիայի հիմնարար գիտական գրադարան  =   Fundamental Scientific Library of NAS RA

Լեոնարդո դա Վինչի : (Record no. 89051)

MARC details
000 -LEADER
fixed length control field 01085nam a2200205 u 4500
001 - CONTROL NUMBER
control field 000249005
003 - CONTROL NUMBER IDENTIFIER
control field AM-YeHGA
005 - DATE AND TIME OF LATEST TRANSACTION
control field 20250618071654.0
008 - FIXED-LENGTH DATA ELEMENTS--GENERAL INFORMATION
fixed length control field 030721s1952 ai r 000 0 arm d
040 ## - CATALOGING SOURCE
Original cataloging agency AM-YeHGA
090 ## - LOCALLY ASSIGNED LC-TYPE CALL NUMBER (OCLC); LOCAL CALL NUMBER (RLIN)
-- 90337
100 1# - MAIN ENTRY--PERSONAL NAME
Personal name Սարգսյան, Մ.Ս.
245 10 - TITLE STATEMENT
Title Լեոնարդո դա Վինչի :
Remainder of title Ծննդյան 500-ամյակի առթիվ /
Statement of responsibility, etc. Մ.Ս. Սարգսյան; ՀՍՍՌ Մինիստրների Սովետին կից կուլտլուսհիմնարկների գործերի կոմիտե; Ա.Ֆ. Մյասնիկյանի անվ. պետ. հանր. գ-րան.
260 ## - PUBLICATION, DISTRIBUTION, ETC.
Place of publication, distribution, etc. Երևան :
Name of publisher, distributor, etc. Պետ. համալս. հրատ.,
Date of publication, distribution, etc. 1952.
300 ## - PHYSICAL DESCRIPTION
Extent 22 էջ :
Other physical details նկ. ;
Dimensions 17 սմ.
504 ## - BIBLIOGRAPHY, ETC. NOTE
Bibliography, etc. note Մատենագիտ.՝ էջ 22 (14 անուն) և տողատակի ծանոթագր.
650 14 - SUBJECT ADDED ENTRY--TOPICAL TERM
Topical term or geographic name entry element Նկարչություն
9 (RLIN) 154
710 2# - ADDED ENTRY--CORPORATE NAME
Corporate name or jurisdiction name as entry element ՀՍՍՌ Մինիստրների Սովետին կից կուլտլուսհիմնարկների գործերի կոմիտե
710 2# - ADDED ENTRY--CORPORATE NAME
Corporate name or jurisdiction name as entry element Պետական հանրային գրադարան Ա.Ֆ. Մյասնիկյանի անվ.
Holdings
Withdrawn status Lost status Damaged status Not for loan Collection Home library Current library Date acquired Total checkouts Full call number Barcode Date last seen Cost, replacement price Price effective from Koha item type Public note
        General Fundamental Scientific Library Fundamental Scientific Library 22/12/2016   AI/2936 FL0036949 22/12/2016 1.00 22/12/2016 Գրքեր / Books 30 Days Loan
        General Fundamental Scientific Library Fundamental Scientific Library 22/12/2016   AI/4674 FL0039836 22/12/2016 1.00 22/12/2016 Գրքեր / Books 30 Days Loan


ՀՀ ԳԱԱ հիմնարար գիտական գրադարան
ՀՀ,Երևան 0019
Մարշալ Բաղրամյան 24/6
հեռախոս:(374-10) 52-47-50
Հետադարձ կապ

All site content, except where otherwise noted, is licensed under a
Creative Commons License